La tisis infantil (Record no. 112048)

MARC details
000 -LEADER
campo de control de longitud fija 00648nam a2200181 4500
001 - NÚMERO DE CONTROL
campo de control 112048
003 - IDENTIFICADOR DE NÚMERO DE CONTROL
campo de control ES-MaACL
005 - FECHA Y HORA DE LA ÚLTIMA TRANSACCIÓN
campo de control 20250818153311.0
007 - CAMPO FIJO DE DESCRIPCIÓN FÍSICA--INFORMACIÓN GENERAL
campo de control de longitud fija t|
008 - DATOS DE LONGITUD FIJA--INFORMACIÓN GENERAL
campo de control de longitud fija 061121s1943 sp r ||||1| spa d
100 1# - ENTRADA PRINCIPAL--NOMBRE DE PERSONA
Nombre de persona Navarro Gutiérrez, Rafael.
9 (RLIN) 85135
245 13 - MENCIÓN DEL TÍTULO
Título La tisis infantil
Resto del título : las formas malignas de la tuberculosis pulmonar del niño /
Mención de responsabilidad, etc. por los Dr. Rafael Navarro Gutiérrez y José L. lvarez Sala-Moris.
260 ## - PUBLICACIÓN, DISTRIBUCIÓN, ETC.
Lugar de publicación, distribución, etc. Barcelona :
Nombre del editor, distribuidor, etc. Científico Médica,
Fecha de publicación, distribución, etc. 1943.
300 ## - DESCRIPCIÓN FÍSICA
Extensión 151 p. ;
Dimensiones 24 cm.
700 1# - ENTRADA AGREGADA--NOMBRE PERSONAL
Nombre de persona Álvarez-Sala Moris, José Luis,
Fechas asociadas al nombre 1912-2003
9 (RLIN) 20958
852 ## - LOCALIZACIÓN
Ubicación ES-MaACL
Número de control de estantería E-1101
Sublocalización o colección R.20543
Holdings
Estatus retirado Estado de pérdida Estado de daño No para préstamo Biblioteca de origen Biblioteca actual Ubicación en estantería Fecha de adquisición Fuente de adquisición Total de préstamos Signatura topográfica completa Código de barras Visto por última vez Precio de reemplazo Tipo de ítem Koha
        Biblioteca del Ateneo de Madrid Biblioteca del Ateneo de Madrid Depósito 2 17/01/2008     E-1101 1116876 23/02/2023 23/02/2023 Libro impreso